Poseidon

Bibliographic Details
Other Authors: Petersen, Wolfgang, 1941-2022 (Director), Protosevich, Mark, 1961- (Scenarist), Lucas, Josh, 1971- (Actor)
Format: Video DVD
Language:Czech
English
PhysicalDescription:1 videodisk (DVD) (98 min.) zvuk., fareb. 12 cm
Published: [Bratislava] Ringier [2009]
Series:Nový Čas vás baví
Subjects:

MARC

LEADER 00000ngm a2200000 a 4500
001 vtls010283295
003 SK-MaSNL
005 20260301092453.0
007 vd cvaizu
008 110603p2009 xo 098 vlcze
040 |a SNK  |b slo  |c SNK  |e AACR2 
041 1 |a cze  |a eng  |b cze  |b eng  |h eng 
044 |a xo  |c SK 
072 7 |a 791  |x Film. Cirkus. Ľudová zábava  |2 konspekt 
080 |a 791.221/.228  |2 2001 
080 |a 791.221.5  |2 2001 
080 |a 791.221.71  |2 2001 
080 |a (0.034.44)  |2 2001 
245 0 0 |a Poseidon  |h videozáznam  |c réžia Wolfgang Petersen 
260 |a [Bratislava]  |b Ringier  |c [2009] 
300 |a 1 videodisk (DVD) (98 min.)  |b zvuk., fareb.  |c 12 cm 
490 1 |a Nový Čas vás baví 
500 |a Názov z obalu 
500 |a Americký celovečerný film z roku 2006 
508 |a Scenár, Mark Protosevich ; námet, Paul Gallico (román) 
511 0 |a Hrajú: Josh Lucas, Kurt Russell, Richard Dreyfuss a ďalší 
521 8 |a Nevhodné do 12 rokov 
538 |a DVD video; zvuk DD 5.1; obraz 16:9 PAL; región 2 
546 |a V pôvodnom anglickom znení, český dabing, titulky v češtine a angličtine 
650 0 7 |a hrané filmy  |2 SNKPH  |9 68885 
650 0 7 |a filmové drámy  |2 SNKPH  |9 320128 
650 0 7 |a dobrodružné filmy  |2 SNKPH  |9 79111 
650 0 7 |a katastrofické filmy  |2 SNKPH  |9 51532 
655 7 |a DVD  |2 SNKPH  |9 70751 
700 1 |a Petersen, Wolfgang,  |d 1941-2022  |4 drt  |9 218109 
700 1 |a Protosevich, Mark,  |d 1961-  |4 sce  |9 423360 
700 1 |a Lucas, Josh,  |d 1971-  |4 act  |9 423361 
830 0 |a Nový Čas vás baví  |9 326727 
999 |c 674039  |d 675969 
952 |a SNK  |b SNK  |y PREZ  |7 0  |p 17A0704372  |o snkSDVD 1232  |i snk2011/12872  |8 0  |0 0  |1 0  |4 0  |d 2011-06-03  |l 0  |r 2026-02-23 19:36:56  |w 2026-02-23